00676nam a2200133 a 4500008004100000020001800041050001400059110005800073245026500131260007300396300002000469350000900489650004400498101201s2010 ||||||||||||||||| || u a9789211170283 aUNECE(02) aUnited Nations Economic Commission for Europe (UNECE)10aGuidelines on the setting of targets, evaluation of progress and reporting: protocol on water and health to the convention on the protection and use of transboundary watercources and international lakescby United Nations Economic Commission for Europe [UNECE] aGeneva:bUnited Nations Economic Commission for Europe (UNECE)c2010 axiv, 51p.: ill. a0.00 aWATER RESOURCES DEVELOPMENT--ACCOUNTING